000 01050nam0a22002411 4500
001 rc\4854047
005 20260408064249.0
021 _aRU
_bРг3364-65
035 _a(NLR Aleph) 008815701
090 _a8189837
_c8189837
100 _a20130426d1965 |||y0rusy50 ca
101 0 _arus
102 _aRU
105 _ay z |||||
200 1 _aТокарно-винторезный станок модели 1К62
_eГарантийное свидетельство [и инструкция по монтажу и эксплуатации]
_fРСФСР. Совнархоз Южн.-Уральского экон. района. ЦБТИ. Станкостроит. завод им. С. Орджоникидзе
210 _aЧелябинск
_cБ. и.
_d1965
215 _a20 с.
_d21
712 0 2 _aЧелябинский станкостроительный завод им. С. Орджоникидзе
_3RU\NLR\AUTH\8810209667
_9306549
801 0 _aRU
_bNLR
_gpsbo
801 1 _aRU
_bELAR
_2rusmarc
852 _aNLR
_j65-6/4249
942 _cBOOK
980 _aNB